[Event "Stay Safe Play From Home 222"]
[Site "T#646744Emanuel Laske"]
[Date "2020.06.12"]
[Round "1"]
[White "Little champs"]
[Black "Tunca"]
[Result "1-0"]
[WhiteElo "2074"]
[BlackElo "1737"]
[Annotator "TA"]
[PlyCount "81"]
[EventDate "2020.06.12"]
[EventType "swiss (blitz)"]

{[%evp 9,81,-62,-63,-62,-11,-23,-21,-10,-20,-35,-22,-51,-57,-80,-81,-87,-91,-88,19,11,21,4,33,30,25,22,88,29,41,32,47,-40,92,103,109,106,98,106,106,102,102,71,100,-122,207,210,233,227,311,312,293,298,846,851,853,851,851,843,843,0,830,834,943,959,937,797,777,713,767,669,29979,29979,29977,29978]} 1. e4 Nf6 2. d3 e6 3. f3 d5 4. Be3 {[#]} Be7 $146 ({Predecessor:} 4... g6 5. Nc3 Bg7 6. d4 O-O 7. Bd3 Nc6 8. g4 e5 9. Bg5 exd4 10. Bxf6 Qxf6 11. Nxd5 {½-½ (51) Benitez,C-Paredes Mendoza,M Este 2015}) 5. Ne2 O-O 6. g3 {C00: French: Unusual White 2nd moves.} dxe4 ({Black should play} 6... e5 $15) 7. dxe4 $11 Qxd1+ 8. Kxd1 {The position is equal.} Rd8+ 9. Ke1 Nc6 {[%cal Bb8c6,Bc6e5,Be5f3][%mdl 32]} 10. a3 Ne5 11. Nd2 {[#]} Rxd2 $1 {[%mdl 512]} 12. Kxd2 Nxf3+ 13. Kc1 b6 ({Black should try} 13... Ng4 $1 $17 {[%cal Rg4e3]} 14. Bf4 e5) 14. Bg2 $36 {[%mdl 2048] White has some pressure.} Ne5 15. Bf4 Bd6 16. Rd1 {Strongly threatening Bxe5.} Bb7 17. Nc3 Nfg4 (17... a6 $11) 18. h3 (18. Nb5 $16) 18... Nf6 19. b3 Nh5 20. Kb2 (20. Nb5 $14) 20... h6 (20... Nxf4 $15 {stays ahead.} 21. gxf4 Ng6) 21. Nb5 $16 Nxf4 22. gxf4 Ng6 23. Nxd6 cxd6 24. Rxd6 Nxf4 25. Bh1 Nxh3 26. Rad1 $2 (26. Rd7 $1 $16 {[%cal Rd7b7]} Rb8 27. e5 Bxh1 28. Rxh1) 26... Kh7 $2 {[%mdl 8192] [#]} (26... Nf2 $17 {and life is bright.} 27. Re1 Nxh1) 27. Rd7 $1 $18 {[%csl LRb7,LRf7][%cal Rd7b7]} Nf2 {[#]} 28. Rf1 $1 {[%cal Rf1f2]} Nxh1 29. Rxb7 {[%mdl 4096] Endgame KRR-KRN} Ng3 30. Rfxf7 Nxe4 $2 (30... Rg8 31. Rxa7 h5) 31. Rxg7+ Kh8 32. Rh7+ Kg8 33. Rbg7+ Kf8 34. Rb7 {[%cal Rh7h8]} Kg8 35. Rxa7 Rxa7 36. Rxa7 {KR-KN} h5 37. Re7 Ng5 38. Rd7 h4 39. Rd1 h3 40. Rg1 Kf7 41. Rxg5 {Accuracy: White = 74%, Black = 38%.} 1-0

[Event "Stay Safe Play From Home 222"]
[Site "T#646744Emanuel Laske"]
[Date "2020.06.12"]
[Round "1"]
[White "Lazieri3"]
[Black "Timbre"]
[Result "1-0"]
[WhiteElo "2048"]
[BlackElo "1606"]
[Annotator "TA"]
[PlyCount "157"]
[EventDate "2020.06.12"]
[EventType "swiss (blitz)"]

{[%evp 15,157,44,44,28,32,29,29,13,20,12,12,12,26,25,21,19,47,42,49,45,61,33,37,10,62,57,75,71,70,0,0,0,0,0,0,0,9,14,11,0,25,41,117,114,124,73,73,0,91,0,216,183,208,-72,-33,-41,11,-13,0,0,29,0,8,0,214,247,305,152,118,116,113,0,138,120,87,43,126,125,114,8,9,0,19,19,26,0,0,0,8,0,0,0,0,-80,-80,-80,0,0,0,0,0,0,655,0,0,0,0,0,0,0,0,0,0,0,572,335,1171,335,328,320,319,306,29977,29978,29977,29979,29982,29983,29982,29985,29983,29986,29987,29987,29986,29987,29987,29985,29986,29987,29987,29988,29989,29989]} 1. e4 c6 2. d4 d5 3. Nc3 dxe4 4. Nxe4 Bf5 5. Ng3 Bg6 6. Nf3 Nd7 7. Bd3 Ngf6 8. Bxg6 hxg6 9. c3 {B18: Classical Caro-Kann: 4...Bf5 sidelines.} Qc7 10. Qe2 e6 11. h3 {[#] White has an edge.} Be7 $146 ({Predecessor:} 11... Bd6 12. Ne4 Nxe4 13. Qxe4 O-O-O 14. Ng5 Nf6 15. Qe2 e5 16. dxe5 Bxe5 17. O-O Bh2+ {½-½ (30) Alho,O-Valasmo,J (1889) Finland 2017}) 12. Ne4 Nxe4 13. Qxe4 Nf6 14. Qe2 a6 15. Bg5 Kf8 16. O-O-O Kg8 17. Ne5 Nd5 18. Bxe7 Qxe7 19. Qf3 Rh5 (19... Qf6 $11) 20. g4 $14 Rh6 21. h4 Rf8 22. h5 (22. Kb1 $14) 22... gxh5 23. Rxh5 Rxh5 24. gxh5 Qg5+ 25. Kb1 Qf5+ 26. Qxf5 exf5 $11 {[%mdl 4096] Endgame KRN-KRN} 27. Rg1 f6 28. Ng6 Rf7 (28... Rd8 $14) 29. Re1 $16 {Threatening mate with Re8+.} Kh7 30. Re8 ({Better is} 30. c4 Nc7 31. Ne7) 30... Kh6 31. Rh8+ Kg5 32. Kc2 (32. c4 $16 Nc7 33. f4+ Kg4 34. Rh7) 32... Nf4 $2 (32... Nc7 $11) 33. Nxf4 $18 Kxf4 {KR-KR} 34. h6 $2 (34. Rh7 $1 $18) 34... gxh6 $17 35. Rxh6 Kg5 (35... Kf3 $15) 36. Rh8 Re7 37. Kd2 Re4 38. Rh7 b5 39. Ra7 Re6 $2 (39... f4 $1 $11 {and Black has nothing to worry.}) 40. Rxa6 $18 Kf4 41. d5 (41. a4 $18 {has better winning chances.}) 41... Rd6 $16 42. Ke2 Rxd5 43. a4 (43. Rxc6 $16 {Strongly threatening b4.} Re5+ 44. Kf1) 43... bxa4 (43... Re5+ $11 44. Kd3 bxa4) 44. Rxa4+ Kg5 45. Rc4 c5 ({Black should play} 45... Re5+ $1 $14 46. Kd3 Re6) 46. Ke3 Re5+ 47. Kf3 (47. Kd3 $16 {Hoping for f4+.} Rd5+ 48. Kc2) 47... Rd5 $11 48. b3 Re5 49. Kg3 Rd5 50. Kg2 f4 $1 51. Kf3 Rd3+ 52. Ke4 Rd2 53. Rxc5+ Kg4 54. Rc6 (54. f3+ $11 Kg3 55. c4) 54... f5+ $17 55. Ke5 Rxf2 (55... Re2+ $17 56. Kd5 f3 57. Rc4+ f4) 56. Rg6+ $11 Kf3 $1 57. Kxf5 Rc2 58. c4 {Threatens to win with Rg4.} Rc3 $2 {[%mdl 8192] [#]} (58... Rh2 $11) 59. Rb6 $2 (59. Rg4 $1 $18) 59... Kg3 60. Ke5 f3 61. Kd4 Rc1 62. Rg6+ Kf2 63. b4 {b5 is the strong threat.} Ke2 64. Re6+ Kf2 $2 {[%mdl 8192] White leaves nothing to chance now.} (64... Kd2 $11 {and Black is okay.}) 65. b5 Kf1 $2 (65... Rb1 66. b6 Kf1) 66. b6 $2 (66. Rf6 f2 67. c5) 66... Rb1 67. c5 {aiming for Kd5.} f2 {intending ...Rb3.} 68. Kd5 Rd1+ $2 {[#]} (68... Rb3 $18 69. Rf6 Ke2) 69. Kc6 $1 {White mates.} Re1 70. Rf6 Ke2 71. b7 f1=Q 72. Rxf1 Rxf1 73. b8=Q {KQ-KR} Rf6+ 74. Kb5 Rf5 75. Qe8+ Kf3 76. Qa8+ Kf4 77. Kb6 Rf6+ 78. c6 Rf7 79. Qe8 {Accuracy: White = 64%, Black = 62%.} 1-0

[Event "Stay Safe Play From Home 222"]
[Site "T#646744Emanuel Laske"]
[Date "2020.06.12"]
[Round "1"]
[White "Archi-ak"]
[Black "Robk"]
[Result "1-0"]
[WhiteElo "1820"]
[BlackElo "1513"]
[Annotator "NA RC"]
[PlyCount "123"]
[EventDate "2020.06.12"]
[EventType "swiss (blitz)"]

1. e4 {[%emt 0:00:02]} c5 {[%emt 0:00:02]} 2. Nf3 {[%emt 0:00:01]} e6 {[%emt 0:00:01]} 3. d4 {[%emt 0:00:00]} cxd4 {[%emt 0:00:01]} 4. Nxd4 {[%emt 0:00:00]} Nf6 {[%emt 0:00:01]} 5. f3 {[%emt 0:00:04]} Nc6 {[%emt 0:00:13]} 6. c3 {[%emt 0:00:05]} d5 {[%emt 0:00:02]} 7. exd5 {[%emt 0:00:06]} Nxd5 {[%emt 0:00:06]} 8. Bc4 {[%emt 0:00:05]} Be7 {[%emt 0:00:04]} 9. Qe2 {[%emt 0:00:40]} O-O {[%emt 0:00:24]} 10. Nxc6 {[%emt 0:00:10]} bxc6 {[%emt 0:00:06]} 11. Nd2 {[%emt 0:00:09]} Re8 {[%emt 0:00:06]} 12. Ne4 {[%emt 0:00:24]} e5 {[%emt 0:00:18]} 13. O-O {[%emt 0:00:03]} Be6 {[%emt 0:00:05]} 14. Bb3 {[%emt 0:00:07]} Qc7 {[%emt 0:00:12]} 15. c4 {[%emt 0:00:11]} Nf6 {[%emt 0:00:07]} 16. Nxf6+ {[%emt 0:00:19]} Bxf6 {[%emt 0:00:00]} 17. Bd2 {[%emt 0:00:01]} a5 {[%emt 0:00:08]} 18. Bc3 {[%emt 0:00:02]} Bf5 {[%emt 0:00:10]} 19. Bc2 {[%emt 0:00:04]} Bxc2 {[%emt 0:00:07]} 20. Qxc2 {[%emt 0:00:00]} Rad8 {[%emt 0:00:03]} 21. Rad1 {[%emt 0:00:02]} Rxd1 {[%emt 0:00:03]} 22. Rxd1 {[%emt 0:00:00]} Rd8 {[%emt 0:00:01]} 23. Rxd8+ {[%emt 0:00:05]} Qxd8 {[%emt 0:00:02]} 24. Qe2 {[%emt 0:00:03]} h6 {[%emt 0:00:03]} 25. Bxe5 {[%emt 0:00:24]} Bxe5 {[%emt 0:00:04]} 26. Qxe5 {[%emt 0:00:02]} Qd1+ {[%emt 0:00:02]} 27. Kf2 {[%emt 0:00:01]} Qc2+ {[%emt 0:00:02]} 28. Kg3 {[%emt 0:00:02]} Qxc4 {[%emt 0:00:03]} 29. b3 {[%emt 0:00:05]} Qc2 {[%emt 0:00:05]} 30. Qe8+ {[%emt 0:00:04]} Kh7 {[%emt 0:00:03]} 31. Qe4+ {[%emt 0:00:05]} Qxe4 {[%emt 0:00:04]} 32. fxe4 {[%emt 0:00:00]} Kg6 {[%emt 0:00:04]} 33. Kf4 {[%emt 0:00:00]} Kf6 {[%emt 0:00:01]} 34. e5+ {[%emt 0:00:01]} Ke6 {[%emt 0:00:01]} 35. Ke4 {[%emt 0:00:00]} g6 {[%emt 0:00:09]} 36. a3 {[%emt 0:00:04]} c5 {[%emt 0:00:01]} 37. h3 {[%emt 0:00:04]} h5 {[%emt 0:00:06]} 38. h4 {[%emt 0:00:01]} f6 {[%emt 0:00:11]} 39. exf6 {[%emt 0:00:02]} Kxf6 {[%emt 0:00:01]} 40. Kd5 {[%emt 0:00:00]} g5 {[%emt 0:00:07]} 41. hxg5+ {[%emt 0:00:05]} Kxg5 {[%emt 0:00:00]} 42. Kxc5 {[%emt 0:00:01]} Kg4 {[%emt 0:00:02]} 43. b4 {[%emt 0:00:01]} Kg3 {[%emt 0:00:00]} 44. b5 {[%emt 0:00:01]} Kxg2 {[%emt 0:00:02]} 45. b6 {[%emt 0:00:00]} h4 {[%emt 0:00:01]} 46. b7 {[%emt 0:00:00]} h3 {[%emt 0:00:00]} 47. b8=Q {[%emt 0:00:01]} h2 {[%emt 0:00:00]} 48. Qg8+ {[%emt 0:00:02]} Kf1 {[%emt 0:00:04]} 49. Qf7+ {[%emt 0:00:01]} Kg1 {[%emt 0:00:01]} 50. Qg6+ {[%emt 0:00:01]} Kf1 {[%emt 0:00:03]} 51. Qf5+ {[%emt 0:00:01]} Kg1 {[%emt 0:00:01]} 52. Qg4+ {[%emt 0:00:01]} Kf1 {[%emt 0:00:01]} 53. Qh3+ {[%emt 0:00:02]} Kg1 {[%emt 0:00:01]} 54. Qg3+ {[%emt 0:00:01]} Kh1 {[%emt 0:00:02]} 55. Kb5 {[%emt 0:00:09]} a4 {[%emt 0:00:04]} 56. Qxh2+ {[%emt 0:00:02]} Kxh2 {[%emt 0:00:02]} 57. Kxa4 {[%emt 0:00:00]} Kg3 {[%emt 0:00:00]} 58. Kb5 {[%emt 0:00:01]} Kf4 {[%emt 0:00:00]} 59. a4 {[%emt 0:00:02]} Ke5 {[%emt 0:00:00]} 60. a5 {[%emt 0:00:02]} Kd6 {[%emt 0:00:00]} 61. Kb6 {[%emt 0:00:01]} Kd7 {[%emt 0:00:04]} 62. Kb7 {[%emt 0:00:01] Robk resigns (Lag: Av=1.52s, max=5.2s)} 1-0

[Event "Stay Safe Play From Home 222"]
[Site "T#646744Emanuel Laske"]
[Date "2020.06.12"]
[Round "1"]
[White "Edmatuag"]
[Black "Position"]
[Result "1-0"]
[WhiteElo "1782"]
[BlackElo "2140"]
[Annotator "RC"]
[PlyCount "119"]
[EventDate "2020.06.12"]
[EventType "swiss (blitz)"]

1. e4 {[%emt 0:00:02]} c5 {[%emt 0:00:03]} 2. Nf3 {[%emt 0:00:02]} d6 {[%emt 0:00:01]} 3. d4 {[%emt 0:00:00]} cxd4 {[%emt 0:00:00]} 4. Nxd4 {[%emt 0:00:00]} Nf6 {[%emt 0:00:00]} 5. Nc3 {[%emt 0:00:01]} a6 {[%emt 0:00:00]} 6. Be2 {[%emt 0:00:02]} Nc6 {[%emt 0:00:02]} 7. O-O {[%emt 0:00:02]} e5 {[%emt 0:00:04]} 8. Nb3 {[%emt 0:00:02]} Be6 {[%emt 0:00:02]} 9. a3 {[%emt 0:00:07]} Bxb3 {[%emt 0:00:03]} 10. cxb3 {[%emt 0:00:02]} Be7 {[%emt 0:00:01]} 11. Be3 {[%emt 0:00:04]} O-O {[%emt 0:00:02]} 12. b4 {[%emt 0:00:06]} Rc8 {[%emt 0:00:03]} 13. f3 {[%emt 0:00:07]} Re8 {[%emt 0:00:20]} 14. Qe1 {[%emt 0:00:02]} h6 {[%emt 0:00:03]} 15. Qf2 {[%emt 0:00:02]} Bf8 {[%emt 0:00:05]} 16. Rfd1 {[%emt 0:00:02]} Qe7 {[%emt 0:00:07]} 17. Rd2 {[%emt 0:00:21]} Qe6 {[%emt 0:00:04]} 18. Nd5 {[%emt 0:00:15]} Ne7 {[%emt 0:00:12]} 19. Nxf6+ {[%emt 0:00:20]} Qxf6 {[%emt 0:00:02]} 20. Rad1 {[%emt 0:00:02]} Ng6 {[%emt 0:00:01]} 21. Qf1 {[%emt 0:00:09]} Nf4 {[%emt 0:00:03]} 22. Bxf4 {[%emt 0:00:01]} Qxf4 {[%emt 0:00:01]} 23. Bc4 {[%emt 0:00:04]} Rc7 {[%emt 0:00:13]} 24. Bd5 {[%emt 0:00:05]} Rec8 {[%emt 0:00:02]} 25. Qf2 {[%emt 0:00:02]} b5 {[%emt 0:00:08]} 26. g3 {[%emt 0:00:02]} Qf6 {[%emt 0:00:07]} 27. Kg2 {[%emt 0:00:05]} g5 {[%emt 0:00:10]} 28. Qe3 {[%emt 0:00:05]} Rc2 {[%emt 0:00:03]} 29. Rxc2 {[%emt 0:00:03]} Rxc2+ {[%emt 0:00:00]} 30. Rd2 {[%emt 0:00:01]} Rxd2+ {[%emt 0:00:14]} 31. Qxd2 {[%emt 0:00:02]} Qd8 {[%emt 0:00:02]} 32. Qc3 {[%emt 0:00:09]} Qb6 {[%emt 0:00:10]} 33. g4 {[%emt 0:00:12]} Kg7 {[%emt 0:00:04]} 34. h4 {[%emt 0:00:05]} Be7 {[%emt 0:00:06]} 35. h5 {[%emt 0:00:02]} Qa7 {[%emt 0:00:32]} 36. b3 {[%emt 0:00:04]} Qb6 {[%emt 0:00:02]} 37. a4 {[%emt 0:00:02]} bxa4 {[%emt 0:00:01]} 38. bxa4 {[%emt 0:00:00]} Bd8 {[%emt 0:00:06]} 39. Qc4 {[%emt 0:00:07]} Qc7 {[%emt 0:00:08]} 40. Qxc7 {[%emt 0:00:06]} Bxc7 {[%emt 0:00:00]} 41. b5 {[%emt 0:00:01]} axb5 {[%emt 0:00:01]} 42. axb5 {[%emt 0:00:00]} Bb6 {[%emt 0:00:03]} 43. Kf1 {[%emt 0:00:01]} Kf8 {[%emt 0:00:01]} 44. Ke2 {[%emt 0:00:00]} Ke7 {[%emt 0:00:01]} 45. Kd3 {[%emt 0:00:00]} f6 {[%emt 0:00:01]} 46. Kc4 {[%emt 0:00:02]} Kd7 {[%emt 0:00:00]} 47. Bc6+ {[%emt 0:00:01]} Kc7 {[%emt 0:00:00]} 48. Bd5 {[%emt 0:00:00]} Bc5 {[%emt 0:00:01]} 49. Bc6 {[%emt 0:00:00]} Kb6 {[%emt 0:00:01]} 50. Bd5 {[%emt 0:00:01]} Kc7 {[%emt 0:00:03]} 51. Bc6 {[%emt 0:00:01]} Kd8 {[%emt 0:00:07]} 52. Kd5 {[%emt 0:00:01]} Kc7 {[%emt 0:00:01]} 53. Ke6 {[%emt 0:00:01]} Kb6 {[%emt 0:00:09]} 54. Kxf6 {[%emt 0:00:01]} Ka5 {[%emt 0:00:02]} 55. Kg6 {[%emt 0:00:01]} Kb4 {[%emt 0:00:00]} 56. Kxh6 {[%emt 0:00:01]} Kc3 {[%emt 0:00:00]} 57. Kxg5 {[%emt 0:00:01]} Kd3 {[%emt 0:00:01]} 58. Kf5 {[%emt 0:00:02]} Ke3 {[%emt 0:00:00]} 59. Bd5 {[%emt 0:00:04]} Kxf3 {[%emt 0:00:00]} 60. h6 {[%emt 0:00:01] Position resigns (Lag: Av=0.83s, max=2.2s)} 1-0

[Event "Stay Safe Play From Home 222"]
[Site "T#646744Emanuel Laske"]
[Date "2020.06.12"]
[Round "1"]
[White "Shyamph1980"]
[Black "Haxhi Baha"]
[Result "1-0"]
[WhiteElo "1672"]
[BlackElo "2052"]
[Annotator "NA RC"]
[PlyCount "101"]
[EventDate "2020.06.12"]
[EventType "swiss (blitz)"]

1. e4 {[%emt 0:00:01]} c5 {[%emt 0:00:02]} 2. Nf3 {[%emt 0:00:02]} Nc6 {[%emt 0:00:01]} 3. d4 {[%emt 0:00:02]} cxd4 {[%emt 0:00:00]} 4. Nxd4 {[%emt 0:00:00]} g6 {[%emt 0:00:00]} 5. c3 {[%emt 0:00:03]} Bg7 {[%emt 0:00:01]} 6. Be3 {[%emt 0:00:01]} d5 {[%emt 0:00:01]} 7. exd5 {[%emt 0:00:03]} Qxd5 {[%emt 0:00:00]} 8. Na3 {[%emt 0:00:12]} a6 {[%emt 0:00:02]} 9. Nac2 {[%emt 0:00:03]} e5 {[%emt 0:00:04]} 10. Nxc6 {[%emt 0:00:05]} Qxc6 {[%emt 0:00:00]} 11. Nb4 {[%emt 0:00:08]} Qe6 {[%emt 0:00:23]} 12. g3 {[%emt 0:00:07]} Ne7 {[%emt 0:00:03]} 13. Bg2 {[%emt 0:00:04]} O-O {[%emt 0:00:01]} 14. O-O {[%emt 0:00:02]} Nc6 {[%emt 0:00:01]} 15. Bd5 {[%emt 0:00:11]} Qf6 {[%emt 0:00:06]} 16. Qd2 {[%emt 0:00:18]} Bh3 {[%emt 0:00:21]} 17. Bg5 {[%emt 0:00:21]} Qd6 {[%emt 0:00:11]} 18. Bxf7+ {[%emt 0:00:03]} Rxf7 {[%emt 0:00:16]} 19. Qxd6 {[%emt 0:00:01]} h6 {[%emt 0:00:03]} 20. Nxc6 {[%emt 0:00:13]} bxc6 {[%emt 0:00:09]} 21. Be3 {[%emt 0:00:05]} Bxf1 {[%emt 0:00:03]} 22. Rxf1 {[%emt 0:00:02]} Rf6 {[%emt 0:00:07]} 23. Qxe5 {[%emt 0:00:03]} Kh7 {[%emt 0:00:07]} 24. Bd4 {[%emt 0:00:12]} Raf8 {[%emt 0:00:04]} 25. Qc7 {[%emt 0:00:04]} R8f7 {[%emt 0:00:01]} 26. Qb6 {[%emt 0:00:04]} Re6 {[%emt 0:00:22]} 27. Bxg7 {[%emt 0:00:05]} Kxg7 {[%emt 0:00:00]} 28. Qxa6 {[%emt 0:00:01]} Rfe7 {[%emt 0:00:01]} 29. a4 {[%emt 0:00:05]} h5 {[%emt 0:00:01]} 30. Qc4 {[%emt 0:00:03]} g5 {[%emt 0:00:02]} 31. Qd4+ {[%emt 0:00:02]} Kh6 {[%emt 0:00:04]} 32. Qh8+ {[%emt 0:00:03]} Kg6 {[%emt 0:00:01]} 33. Rd1 {[%emt 0:00:05]} Rg7 {[%emt 0:00:23]} 34. Qd8 {[%emt 0:00:04]} h4 {[%emt 0:00:09]} 35. Qd3+ {[%emt 0:00:11]} Kh5 {[%emt 0:00:14]} 36. Qf3+ {[%emt 0:00:11]} Kh6 {[%emt 0:00:08]} 37. a5 {[%emt 0:00:03]} Rge7 {[%emt 0:00:18]} 38. a6 {[%emt 0:00:04]} h3 {[%emt 0:00:00]} 39. Rf1 {[%emt 0:00:09]} c5 {[%emt 0:00:10]} 40. Qg4 {[%emt 0:00:01]} Rxa6 {[%emt 0:00:05]} 41. Qxh3+ {[%emt 0:00:01]} Kg6 {[%emt 0:00:00]} 42. Rd1 {[%emt 0:00:02]} Rae6 {[%emt 0:00:04]} 43. Qg2 {[%emt 0:00:01]} g4 {[%emt 0:00:04]} 44. h3 {[%emt 0:00:03]} Re1+ {[%emt 0:00:08]} 45. Rxe1 {[%emt 0:00:06]} Rxe1+ {[%emt 0:00:00]} 46. Kh2 {[%emt 0:00:01]} gxh3 {[%emt 0:00:03]} 47. Qxh3 {[%emt 0:00:03]} Kf6 {[%emt 0:00:05]} 48. Kg2 {[%emt 0:00:01]} Re2 {[%emt 0:00:03]} 49. Qh6+ {[%emt 0:00:01]} Ke7 {[%emt 0:00:01]} 50. Qc1 {[%emt 0:00:01]} Kd6 {[%emt 0:00:01]} 51. Qd1+ {[%emt 0:00:01] Haxhi Baha resigns (Lag: Av=1.34s, max=2.8s)} 1-0

[Event "Stay Safe Play From Home 222"]
[Site "T#646744Emanuel Laske"]
[Date "2020.06.12"]
[Round "1"]
[White "Erdema"]
[Black "Haris kollari 13"]
[Result "0-1"]
[WhiteElo "1571"]
[BlackElo "2023"]
[Annotator "NA RC"]
[PlyCount "88"]
[EventDate "2020.06.12"]
[EventType "swiss (blitz)"]

1. e4 {[%emt 0:00:02]} e6 {[%emt 0:00:01]} 2. d4 {[%emt 0:00:02]} d5 {[%emt 0:00:01]} 3. exd5 {[%emt 0:00:02]} exd5 {[%emt 0:00:02]} 4. Bd3 {[%emt 0:00:00]} c5 {[%emt 0:00:01]} 5. h3 {[%emt 0:00:00]} c4 {[%emt 0:00:01]} 6. Be2 {[%emt 0:00:02]} Nc6 {[%emt 0:00:00]} 7. b3 {[%emt 0:00:02]} b5 {[%emt 0:00:02]} 8. bxc4 {[%emt 0:00:01]} bxc4 {[%emt 0:00:01]} 9. Nc3 {[%emt 0:00:02]} Be6 {[%emt 0:00:02]} 10. a3 {[%emt 0:00:03]} Nf6 {[%emt 0:00:03]} 11. Nf3 {[%emt 0:00:02]} Bd6 {[%emt 0:00:01]} 12. O-O {[%emt 0:00:02]} O-O {[%emt 0:00:01]} 13. Ng5 {[%emt 0:00:02]} Re8 {[%emt 0:00:05]} 14. Nxe6 {[%emt 0:00:04]} fxe6 {[%emt 0:00:01]} 15. Bf3 {[%emt 0:00:04]} Qa5 {[%emt 0:00:04]} 16. Ne2 {[%emt 0:00:09]} Rab8 {[%emt 0:00:10]} 17. Bf4 {[%emt 0:00:04]} Bxf4 {[%emt 0:00:08]} 18. Nxf4 {[%emt 0:00:01]} Qc3 {[%emt 0:00:01]} 19. Ne2 {[%emt 0:00:14]} Qa5 {[%emt 0:00:02]} 20. Ng3 {[%emt 0:00:13]} Rb2 {[%emt 0:00:03]} 21. Ne2 {[%emt 0:00:14]} Reb8 {[%emt 0:00:07]} 22. Qc1 {[%emt 0:00:09]} c3 {[%emt 0:00:05]} 23. Rd1 {[%emt 0:00:13]} Ne7 {[%emt 0:00:09]} 24. Rd3 {[%emt 0:00:04]} Rc8 {[%emt 0:00:01]} 25. Rxc3 {[%emt 0:00:13]} Rxc3 {[%emt 0:00:07]} 26. Qxb2 {[%emt 0:00:02]} Rc4 {[%emt 0:00:04]} 27. c3 {[%emt 0:00:04]} Qb6 {[%emt 0:00:05]} 28. Qxb6 {[%emt 0:00:04]} axb6 {[%emt 0:00:01]} 29. Rb1 {[%emt 0:00:01]} Nd7 {[%emt 0:00:08]} 30. Bg4 {[%emt 0:00:03]} Kf7 {[%emt 0:00:01]} 31. Rb3 {[%emt 0:00:04]} g6 {[%emt 0:00:01]} 32. Nf4 {[%emt 0:00:03]} Rc6 {[%emt 0:00:06]} 33. Kf1 {[%emt 0:00:11]} h5 {[%emt 0:00:02]} 34. Bf3 {[%emt 0:00:02]} Kf6 {[%emt 0:00:09]} 35. g4 {[%emt 0:00:15]} h4 {[%emt 0:00:02]} 36. Ng2 {[%emt 0:00:06]} g5 {[%emt 0:00:01]} 37. Ne3 {[%emt 0:00:03]} Ng6 {[%emt 0:00:05]} 38. c4 {[%emt 0:00:03]} dxc4 {[%emt 0:00:16]} 39. Bxc6 {[%emt 0:00:06]} cxb3 {[%emt 0:00:01]} 40. Bxd7 {[%emt 0:00:02]} b2 {[%emt 0:00:01]} 41. d5 {[%emt 0:00:06]} b1=Q+ {[%emt 0:00:02]} 42. Kg2 {[%emt 0:00:02]} Qe4+ {[%emt 0:00:03]} 43. Kf1 {[%emt 0:00:07]} Nf4 {[%emt 0:00:01]} 44. dxe6 {[%emt 0:00:05]} Qb1+ {[%emt 0:00:03] Erdema terk eder (Lag: Av=0.68s, max=1.3s)} 0-1

[Event "Stay Safe Play From Home 222"]
[Site "T#646744Emanuel Laske"]
[Date "2020.06.12"]
[Round "2"]
[White "Little champs"]
[Black "Archi-ak"]
[Result "1-0"]
[WhiteElo "2078"]
[BlackElo "1825"]
[Annotator "TA"]
[PlyCount "47"]
[EventDate "2020.06.12"]
[EventType "swiss (blitz)"]

{[%evp 16,47,89,82,77,79,152,149,156,154,271,162,238,217,461,439,455,438,470,410,396,355,404,386,444,431,439,435,1753,1710,29987,29988,29993,29993]} 1. d4 Nf6 2. c4 g6 3. Nc3 Bg7 4. e4 d6 5. f4 O-O 6. Nf3 c5 7. d5 Na6 8. Bd3 Nc7 {[#]} 9. O-O $1 e6 {E76: King's Indian: Four Pawns Attack: Lines specific to 6 Nf3 move-order.} 10. e5 dxe5 (10... Nfe8 $142) 11. fxe5 $16 {aiming for Bg5.} Ng4 {[#]White is clearly better.} 12. d6 $146 {[%cal Rd6c7]} ({Predecessor:} 12. Bg5 f6 13. Bh4 g5 14. exf6 Bxf6 15. Nxg5 Bd4+ 16. Kh1 Rxf1+ 17. Qxf1 Qxg5 18. Bxg5 {1-0 (25) Junquera,M-Llaneza Vega,J Asturias 1997}) 12... Na6 (12... Nxe5 $16 13. Nxe5 (13. dxc7 Qxd3 14. Nxe5 Qxd1 $11) 13... Qxd6) 13. Bf4 (13. Bg5 $142 Qb6 14. Qe2) 13... Nb4 (13... f6 $142) 14. Be4 Nc6 $2 (14... f5) 15. Bxc6 $18 bxc6 16. Qd2 f6 17. exf6 Nxf6 18. Bg5 Qd7 19. Bxf6 Rxf6 20. Ne4 Rf5 21. g4 Bd4+ (21... Rd5 $142) 22. Nxd4 Rxf1+ 23. Rxf1 cxd4 24. Nf6+ {[%mdl 64] Double Attack. Black got outplayed after the opening. Accuracy: White = 83%, Black = 16%.} 1-0